Liste des personnages de Mario Kart - Statistiques

Statistiques générales
  • Ce quiz a été pris 1 627 fois
    1 358 depuis la dernière actualisation
  • Le résultat moyen est 161 sur 238
Statistiques - réponses
Jeux Personnages % Correct
Mario Kart 64 | Mario Kart 7 | Mario Kart 8 | +10 others Mario
100%
Mario Kart 64 | Mario Kart 7 | Mario Kart 8 | +10 others Luigi
99%
Mario Kart Tour Peach
99%
Mario Kart 64 | Mario Kart 7 | Mario Kart 8 | +8 others Peach
98%
Mario Kart 64 | Mario Kart 7 | Mario Kart 8 | +9 others Bowser
95%
Mario Kart Tour Daisy
91%
Mario Kart 8 | Mario Kart : Double Dash!! | Mario Kart Arcade GP 2 | +4 others Waluigi
91%
Mario Kart 64 | Mario Kart 7 | Mario Kart 8 | +8 others Wario
91%
Mario Kart 7 | Mario Kart 8 | Mario Kart : Double Dash!! | +3 others Daisy
90%
Mario Kart 64 | Mario Kart 7 | Mario Kart 8 | +9 others Yoshi
90%
Mario Kart 64 | Mario Kart 7 | Mario Kart 8 | +8 others Donkey Kong
89%
Mario Kart 64 | Mario Kart 7 | Mario Kart 8 | +9 others Toad
89%
Mario Kart 8 | Mario Kart : Double Dash!! | Mario Kart Arcade GP DX | +2 others Bébé Mario
77%
Mario Kart Tour Harmonie
76%
Mario Kart 7 | Mario Kart 8 | Mario Kart : Double Dash!! | +3 others Koopa
76%
Mario Kart 8 | Mario Kart : Double Dash!! | Mario Kart Tour | Mario Kart Wii Bébé Luigi
75%
Mario Kart 8 | Mario Kart Arcade GP DX | Mario Kart Tour | Mario Kart Wii Bébé Peach
73%
Mario Kart Tour Diddy Kong
72%
Mario Kart Tour Bébé Daisy
68%
Mario Kart 8 | Mario Kart Wii Bébé Daisy
67%
Mario Kart 7 | Mario Kart 8 | Mario Kart Arcade GP DX | Mario Kart Wii Harmonie
67%
Mario Kart : Double Dash!! | Mario Kart Wii Diddy Kong
66%
Mario Kart 8 (Deluxe) | Mario Kart : Double Dash!! | Mario Kart Arcade GP DX | +2 others Bowser Jr.
65%
Mario Kart 8 Link
64%
Mario Kart 8 (Deluxe) | Mario Kart : Double Dash!! | Mario Kart Arcade GP DX | +2 others Roi Boo
64%
Mario Kart 8 | Mario Kart : Double Dash!! | Mario Kart Tour | Mario Kart Wii Toadette
62%
Mario Kart 8 (Deluxe) | Mario Kart : Double Dash!! | Mario Kart Tour | Mario Kart Wii Birdo
59%
Mario Kart 7 | Mario Kart 8 Mii
58%
Mario Kart Wii Mii A
58%
Mario Kart Wii Mii B
58%
Mario Kart 8 (Deluxe) | Mario Kart DS | Mario Kart Tour | Mario Kart Wii Skelerex
57%
Mario Kart Tour Bébé Harmonie
53%
Mario Kart Tour Maskass
52%
Mario Kart 7 | Mario Kart 8 | Mario Kart DS Maskass
51%
Mario Kart 8 Bébé Harmonie
48%
Mario Kart Tour | Mario Kart Wii Funky Kong
48%
Mario Kart 7 | Mario Kart 8 | Mario Kart Tour Lakitu
44%
Mario Kart 8 Villageois
40%
Mario Kart 7 Wiggler
39%
Mario Kart Tour Larry
36%
Mario Kart 8 | Mario Kart Tour | Mario Kart Wii Bowser Skelet
35%
Mario Kart Tour Lemmy
35%
Mario Kart 8 | Mario Kart Tour Morton
35%
Mario Kart 8 | Mario Kart Tour Iggy
34%
Mario Kart 8 Larry
34%
Mario Kart 8 Marie
34%
Mario Kart 7 | Mario Kart 8 | Mario Kart Arcade GP DX | Mario Kart Tour Métal Mario
34%
Mario Kart 8 | Mario Kart Tour Roy
34%
Mario Kart 8 | Mario Kart Tour Ludwig
33%
Mario Kart 8 (Deluxe) Inkling
32%
Mario Kart 8 Lemmy
32%
Mario Kart 8 Peach d'or rose
32%
Mario Kart Tour Peach d'or Rose
32%
Mario Kart DS R.O.B.
32%
Mario Kart 8 | Mario Kart Tour Wendy
32%
Mario Kart Tour Kamek
31%
Mario Kart Tour Pauline
31%
Mario Kart Tour | Super Mario Kart Donkey Kong Jr.
27%
Mario Kart 7 Reine des Abeilles
27%
Mario Kart : Double Dash!! Flora Piranha
26%
Mario Kart 8 Mario Tanuki
26%
Mario Kart : Double Dash!! Paratroopa
24%
Mario Kart 8 | Mario Kart Tour Peach Chat
24%
Mario Kart 8 Villageoise
23%
Mario Kart Arcade GP | Mario Kart Arcade GP 2 | Mario Kart Arcade GP DX Pac-Man
17%
Mario Kart Tour Dixie Kong
14%
Mario Kart Tour Peachette
14%
Mario Kart Tour Frère Marto
9%
Mario Kart Tour Roi Bob-Omb
8%
Mario Kart Tour Carottin
6%
Mario Kart Arcade GP | Mario Kart Arcade GP 2 Blinky
5%
Mario Kart Arcade GP | Mario Kart Arcade GP 2 Ms. Pac-Man
5%
Mario Kart Tour Topi Taupe
5%
Mario Kart Arcade GP DX Don-chan
4%
Mario Kart Tour Frère Pyro
4%
Mario Kart Tour Capitaine Toad
3%
Mario Kart Tour Frère Boomerang
3%
Mario Kart Tour Frère Cryo
3%
Mario Kart Tour Bill Dozer
2%
Mario Kart Arcade GP 2 Mametchi
2%
Mario Kart Tour Mario de glace
2%
Aucun quiz correspondant
Distribution des résultats
% des personnes avec chaque résultat
Percentile par nombre de réponses
Votre historique - résultats
Vous n’avez pas pris ce quiz depuis la dernière actualisation